| 000 | 01387cam a22003617a 4500 | ||
|---|---|---|---|
| 999 |
_c6777 _d6777 |
||
| 001 | 13517221 | ||
| 003 | OSt | ||
| 005 | 20210215153954.0 | ||
| 008 | 040310s2003 enka b 001 0 eng | ||
| 010 | _a 2004296815 | ||
| 015 | _aGBA3-W5931 | ||
| 020 | _a0198524935 | ||
| 020 | _a0198524943 (pbk.) | ||
| 035 | _a(OCoLC)ocm52486305 | ||
| 040 |
_aUKM _cUKM _dOCLCQ _dAGL _dDLC |
||
| 042 | _alccopycat | ||
| 050 | 0 | 0 |
_aQP601.3 _b.K56 2003 |
| 070 | 0 |
_aQP601.3 _b.K56 2003 |
|
| 082 | 0 | 4 |
_a572 _221 _bKIN 2001 |
| 245 | 0 | 0 |
_aKinetic analysis of macromolecules : _ba practical approach / _cedited by Kenneth A. Johnson. |
| 260 |
_aOxford : _bOxford University Press, _c2001. |
||
| 300 |
_axx, 256 p. : _bill. ; _c25 cm. |
||
| 490 | 1 |
_aPractical approach series ; _vno. 267 |
|
| 504 | _aIncludes bibliographical references and index. | ||
| 650 | 0 |
_aEnzyme kinetics. _913430 |
|
| 700 | 1 |
_aJohnson, K. _q(Kenneth), _d1931- _913884 |
|
| 830 | 0 |
_aPractical approach series ; _v267. _913885 |
|
| 856 | 4 | 2 |
_3Publisher description _uhttp://www.loc.gov/catdir/enhancements/fy0620/2004296815-d.html |
| 856 | 4 | 1 |
_3Table of contents only _uhttp://www.loc.gov/catdir/enhancements/fy0620/2004296815-t.html |
| 906 |
_a7 _bcbc _ccopycat _d2 _encip _f20 _gy-gencatlg |
||
| 942 |
_2ddc _cO_SHELF |
||